000 00572nam a2200229Ia 4500
003 OSt
005 20221005130400.0
006 a|||||r|||| 00| 0
007 ta
008 221004b |||||||| |||| 00| 0 eng d
024 _a40499
037 _cTextual
040 _aCRL
_cCRL
_beng
041 _2eng
_aeng
082 _aO:6M39x, K1
100 _aPater Walter
245 0 _aRenaissance
_b Studies in art and poetry
260 _c1961
650 _aENGLISH LITERATURE
942 _hO:6M39x, K1
_cTEXL
_2cc
999 _c1057013
_d1057013